Constant power principle in abrasion testing (Record no. 56190)

MARC details
000 -LEADER
fixed length control field 00366nam a2200121Ia 4500
100 ## - MAIN ENTRY--AUTHOR NAME
Personal name Powell E F
245 #0 - TITLE STATEMENT
Title Constant power principle in abrasion testing
260 ## - PUBLICATION, DISTRIBUTION, ETC. (IMPRINT)
Name of publisher Proceedings of the 3rd Rubber Technology Conference, London, 1954; p460-482
650 ## - SUBJECT ADDED ENTRY--TOPICAL TERM
Topical Term Abrasion testing
700 ## - ADDED ENTRY--PERSONAL NAME
Personal name Gough S W
942 ## - ADDED ENTRY ELEMENTS (KOHA)
Koha item type Journals
Holdings
Withdrawn status Lost status Damaged status Not for loan Home library Current library Shelving location Date acquired Koha item type
      Journals RRII Library RRII Library Rubber chemistry 17/12/2021 Journals